| 000 | 00602 a2200229 4500 | ||
|---|---|---|---|
| 005 | 20260310111732.0 | ||
| 008 | 260310b |||||||| |||| 00| 0 eng d | ||
| 020 |
_a9789371265638 _cRs. 1445.00 |
||
| 040 | _aMAIN | ||
| 082 |
_a343.04 _bS64T(29) |
||
| 100 | _aSinghania, Vinod K | ||
| 245 | _aCorporate tax planning and business tax procedures with case studies | ||
| 250 | _a29th | ||
| 260 |
_bTaxmann _c2025 _aNew Delhi |
||
| 300 | _av. | ||
| 650 | _aLaw | ||
| 650 | _aPublic Finance | ||
| 650 | _aTaxes | ||
| 650 | _aCorporate Income Tax | ||
| 700 | _aSinghania, Monica | ||
| 942 | _cBK | ||
| 999 |
_c396320 _d396320 |
||